00699nmm a2200241 a 4500003000900000005001700009008004100026040001300067100002200080245003000102250001200132260003500144300003200179504005500211650002000266650002100286650001800307650002800325650003000353650002400383650002300407653002700430AR-BaBNM20251128203640.0176019s1964 ||||||||||||||000 | spa|| cAR-BaBNM1 aIglesias, Luis F.10aLa escuela rural unitaria a3ª ed. aBuenos AiresbStilcografc19640 a412 p.bdiagr., il., tablas aContiene bibliografía en notas a pie de página 4aEDUCACION RURAL 4aESCUELAS RURALES 4aZONAS RURALES 4aENSENANZA DE LA LECTURA 4aENSENANZA DE LA ESCRITURA 4aEDUCACION ARTISTICA 4aEDUCACION ESTETICA 0aENSENANZA DE LA LENGUA